Vestiario : la escena como analogía de las vestiduras sociales

Esta memoria reflexiona sobre el proceso creativo desarrollado en la Mención de Coreografía, a partir de seis obras presentadas en el examen de grado de 2009. El objetivo es identificar un hilo conductor que exprese una mirada autoral dentro de la diversidad de propuestas creadas. Inspirado en la t...

Full description

Bibliographic Details
Main Author: Campos Alvarado, Patricia Alejandra
Other Authors: González Undurraga, Fernanda Luisa (profesora guía)
Format: Tesis
Language:Spanish
Published: Santiago, Chile: Universidad Academia de Humanismo Cristiano, 2019.
Subjects:

MARC

LEADER 00000nmm a22000007a 4500
001 000321
003 UAHC_CL
005 20250813104951.0
008 250807s2019 cl o d 000 spa
040 |a UAHC_CL  |c UAHC_CL  |d UAHC_CL 
100 |a Campos Alvarado, Patricia Alejandra  |9 22025 
245 1 3 |a Vestiario :   |c Patricia Alejandra Campos Alvarado; profesora guía Fernanda Luisa González Undurraga.  |b la escena como analogía de las vestiduras sociales 
260 |a Santiago, Chile:  |b Universidad Academia de Humanismo Cristiano,  |c 2019. 
300 |a 43 páginas. 
500 |a Tesis para optar al título de Coreógrafa/o, Licenciada/o en Danza. 
502 |a Tesis (Licenciatura en Danza) -- Universidad Academia de Humanismo Cristiano, 2019. 
516 |a Tesis electrónica (PDF). Solicitar envío de documento a biblioteca@academia.cl. 
520 |a Esta memoria reflexiona sobre el proceso creativo desarrollado en la Mención de Coreografía, a partir de seis obras presentadas en el examen de grado de 2009. El objetivo es identificar un hilo conductor que exprese una mirada autoral dentro de la diversidad de propuestas creadas. Inspirado en la teoría de Erving Goffman, se plantea el concepto de Vestiario como metáfora de las identidades escénicas, entendiendo la creación coreográfica como un juego de roles y representaciones sociales. La tesis se acompaña de registros metodológicos y bitácoras que documentan las búsquedas estéticas, estructurales y musicales de cada obra. A través del análisis de propuestas coreográficas basadas en estas tres dimensiones, se identifican características específicas del movimiento en cada caso. Posteriormente, se comparan los resultados para establecer similitudes y diferencias en los procesos creativos. El estudio busca aportar nuevas perspectivas para la composición en danza, integrando el cuerpo como espacio de memoria, experiencia y expresión espontánea. 
650 0 |a Coreografía  |9 4104 
650 0 |a Creación en el arte  |9 19156 
700 |a González Undurraga, Fernanda Luisa  |e profesora guía  |9 22026 
900 |a TDAN 234 
942 |c TS  |2 ddc 
952 |0 0  |1 0  |2 ddc  |4 0  |6 TDAN_234_000000000000000  |7 0  |9 101142  |a BC  |b BC  |c Digital  |d 2025-08-07  |l 0  |o TDAN 234  |r 2025-08-07 17:41:17  |w 2025-08-07  |y TS  |z Documento en PDF 
999 |c 62886  |d 62886